Effective methods to ensure the performance of a leader

Guardat en:
Dades bibliogràfiques
Autor principal: NWOKEDI, Joe
Format: Llibre
Idioma:anglès
Publicat: The Reformer Publishers 2014.
Etiquetes: Afegir etiqueta
Sense etiquetes, Sigues el primer a etiquetar aquest registre!

MARC

LEADER 00000nam a22000007a 4500
008 210414b ||||| |||| 00| 0 eng d
020 |a 978-978-908-338-1 
100 |a NWOKEDI, Joe 
245 |a Effective methods to ensure the performance of a leader  |c Joe Nwokedi  |g  xii, 162p. 
260 |b The Reformer Publishers  |c 2014.   |h Lagos:  |i 687117  |l HM1261 .N97  |m Leadership. 
942 |a lcc  |c BK  |e ADEKANYE, I. H.  |f 14/04/2021 
952 |0 0  |1 0  |2 lcc  |4 0  |6 HM1261 N97  |7 0  |9 2127  |a HOL  |b HOL  |c GJ  |d 2021-04-14  |l 0  |o HM1261 .N97  |p 2021-5981  |r 2021-04-14 00:00:00  |w 2021-04-14  |y BK 
999 |c 1104  |d 1104